Aircraft Carriers of the Royal Navy - Statistics

General Stats
  • This quiz has been taken 440 times
  • The average score is 19 of 34
Answer Stats
Class Fate Answer % Correct
Only Ship Sunk 14 November 1941 by U-81 off Gibraltar HMS Ark Royal
90%
Scrapped 1980 HMS Ark Royal
90%
Sold for scrap 2012 HMS Ark Royal
90%
Illustrious Class Sold for scrap 1956 HMS Illustrious
88%
Sold for scrap 2016 HMS Illustrious
88%
Queen Elizabeth Class In Commission HMS Queen Elizabeth
87%
Invincible Class Sold for scrap 2010 HMS Invincible
82%
In Commission HMS Prince of Wales
78%
Implacable Class Sold for scrap 1955 HMS Implacable
76%
Courageous Class Sunk by U-29, 17 September 1939 HMS Courageous
75%
Colossus Class Loaned to France as Arromanches from August 1946, then sold to France 1951 HMS Colossus
74%
Only Ship Sunk 9 April 1942 by Japanese aircraft from the carriers Soryu, Hiryu and Akagi HMS Hermes
73%
Sold to India April 1986, as INS Viraat, decommissioned HMS Hermes
73%
Centaur Class Scrapped 1972 HMS Centaur
69%
Only Ship Torpedoed and sunk 11 August 1942 by U-73 HMS Eagle
63%
Audacious Class Scrapped 1978 HMS Eagle
63%
Sunk by Scharnhorst and Gneisenau, 8 June 1940 HMS Glorious
61%
Sold for scrap 1969 HMS Victorious
58%
Sold for scrap 1948 HMS Furious
57%
Sold for scrap 1955 HMS Indomitable
56%
Sold for scrap 1956 HMS Indefatigable
51%
Sold for scrap 1956 HMS Formidable
50%
Only Ship Sold for scrap 1960 HMS Unicorn
42%
Only Ship Sold for scrap 1946 HMS Argus
41%
Scrapped 1962 HMS Ocean
41%
Scrapped 1973 HMS Albion
32%
Scrapped 1984 HMS Bulwark
30%
Scrapped 1961 HMS Glory
28%
Scrapped 1958 HMS Perseus
26%
Scrapped 1962 HMS Theseus
25%
Loaned to Royal Canadian Navy 1946-48 and not commissioned into RN until November 1948. Returned to UK 1956 and modernised. Sold to Argentina as Independencia 1958 HMS Warrior
25%
Transferred to the Royal Australian Navy from 1953 to August 1955. Sold to Brazil as Minas Gerais December 1956. Scrapped 2004 HMS Vengeance
23%
Scrapped 1954 HMS Pioneer
21%
Scrapped 1981 in Spain HMS Triumph
21%
No matching quizzes found
Score Distribution
Percent of People with Each Score
Percentile by Number Answered
Your Score History
You have not taken this quiz